00197nam a2200085Ia 4500008004100000020001800041082001300059100001900072245002000091220713s9999 xx 000 0 und d a0 7981 3094 6 aAJF HEND aHENDRICKS, P G 0aDIE GRYS KOEDOE